Представление документа в формате RUSMARC

ПолеНазваниеЗначение
  Тип записи a
  Библиографический уровень m
001 Контрольный номер UONB/MAIN/aba6643918114f109d7e837e7790c733
005 Дата корректировки 20260422131706.4
100 Данные общей обработки __
a Данные общей обработки 20260402g2025 u u0rusy0189 ca
101 Язык документа 0_
a Язык текста rus
102 Страна публикации __
a Страна публикации RU
105 Кодированные данные (монография) __
a Кодированные данные (монография) a z 000yy
200 Заглавие и сведения об ответственности 1_
a Заглавие Рассказы из русской истории
f Первые сведения об ответственности Владимир Мединский
g Последующие сведения об ответственности под научной редакцией Ю. А. Никифорова
203 Вид содержания и тип средства __
a Вид содержания Текст
b Характеристика содержания визуальный
c Тип средства непосредственный
210 Выходные данные 1_
a Место издания Москва
c Издательство Проспект
d Дата издания 2025-
215 Физическое описание __
d Формат 22 см
700 Автор _1
a Фамилия Мединский
b Имя (инициалы) В. Р.
g Полное личное имя Владимир Ростиславович
702 Вторичная интеллектуальная ответственность _1
a Фамилия Никифоров
b Имя (инициалы) Ю. А.
g Полное личное имя Юрий Александрович
4 Код отношения 340
801 Источник записи _0
a Страна RU
b Организация Ульяновская ОНБ
c Дата составления 20260402
g Правила каталогизации RCR
801 Источник записи _1
a Страна RU
b Организация Ульяновская ОНБ
c Дата составления 20260402
g Правила каталогизации RCR
901 Тип документа __
t Тип документа v
909 Создатель записи __
a Создатель записи Егорова Э. А.
b Дата создания записи 20260402